000 nam a22 7a 4500
999 _c51639
_d51639
003 OSt
005 20220412151629.0
008 220412b xxu||||| |||| 00| 0 eng d
040 _cSEROSOFT
100 _aBARE ACT
245 _aINTELLECTUAL PROPERTY LAWS
260 _aCOMMERCIAL LAW PUB
300 _a326
942 _2ddc
_c01